Seminar for parliamentarians of the southern Africa sub-region : (Record no. 1993)

MARC details
000 -LEADER
fixed length control field 01304cam a2200325 a 4500
001 - CONTROL NUMBER
control field 3099230
003 - CONTROL NUMBER IDENTIFIER
control field OSt
005 - DATE AND TIME OF LATEST TRANSACTION
control field 20230621091558.0
008 - FIXED-LENGTH DATA ELEMENTS--GENERAL INFORMATION
fixed length control field 981105s1995 sz b 100 0 eng d
010 ## - LIBRARY OF CONGRESS CONTROL NUMBER
LC control number 98218317
020 ## - INTERNATIONAL STANDARD BOOK NUMBER
International Standard Book Number 9291420107
035 ## - SYSTEM CONTROL NUMBER
System control number (OCoLC)38262581
040 ## - CATALOGING SOURCE
Original cataloging agency UPM
Transcribing agency UPM
Modifying agency DLC
042 ## - AUTHENTICATION CODE
Authentication code lccopycat
043 ## - GEOGRAPHIC AREA CODE
Geographic area code fs-----
082 ## - DEWEY DECIMAL CLASSIFICATION NUMBER
Classification number 328
Item number IPU
245 00 - TITLE STATEMENT
Title Seminar for parliamentarians of the southern Africa sub-region :
Remainder of title Lusaka, Zambia, 20-23 June 1995 : the functioning of a parliament in a multi-party democratic setting.
246 30 - VARYING FORM OF TITLE
Title proper/short title Functioning of a parliament in a multi-party democratic setting
260 ## - PUBLICATION, DISTRIBUTION, ETC. (IMPRINT)
Place of publication, distribution, etc. Geneva, Switzerland :
Name of publisher, distributor, etc. Inter-parliamentary Union,
Date of publication, distribution, etc. 1995.
300 ## - PHYSICAL DESCRIPTION
Extent ii, 67 p. :
Other physical details map ;
Dimensions 30 cm.
440 #0 - SERIES STATEMENT/ADDED ENTRY--TITLE
Title Series "Reports and documents" ;
Volume/sequential designation no. 24
650 #0 - SUBJECT ADDED ENTRY--TOPICAL TERM
Topical term or geographic name as entry element Legislative bodies
General subdivision Congresses.
650 #0 - SUBJECT ADDED ENTRY--TOPICAL TERM
Topical term or geographic name as entry element Legislative bodies
Geographic subdivision Africa, Southern
General subdivision Congresses.
650 #0 - SUBJECT ADDED ENTRY--TOPICAL TERM
Topical term or geographic name as entry element Representative government and representation
General subdivision Congresses.
650 #0 - SUBJECT ADDED ENTRY--TOPICAL TERM
Topical term or geographic name as entry element Representative government and representation
Geographic subdivision Africa, Southern
General subdivision Congresses.
710 2# - ADDED ENTRY--CORPORATE NAME
Corporate name or jurisdiction name as entry element Inter-parliamentary Union.
906 ## - LOCAL DATA ELEMENT F, LDF (RLIN)
a 7
b cbc
c copycat
d 3
e ncip
f 19
g y-gencatlg
942 ## - ADDED ENTRY ELEMENTS (KOHA)
Source of classification or shelving scheme Dewey Decimal Classification
Koha item type Books
Holdings
Withdrawn status Lost status Source of classification or shelving scheme Damaged status Not for loan Home library Current library Date acquired Total Checkouts Full call number Barcode Date last seen Price effective from Koha item type
    Dewey Decimal Classification     County Hall Archives County Hall Archives 06/21/2023   328 IPU 10013653 06/21/2023 06/21/2023 Books
    Dewey Decimal Classification     County Hall Archives County Hall Archives 06/21/2023   328 IPU 10013652 06/21/2023 06/21/2023 Books
    Dewey Decimal Classification     County Hall Archives County Hall Archives 06/21/2023   328 IPU 10010749 06/21/2023 06/21/2023 Books
LIBRARY OPENING HOURS

When the Parliament is sitting: 8.00a.m - 7.00p.m or until the house adjourns
Mondays and Fridays and when the House is on Recess:  8.00a.m - 5.00p.m
Closed on Weekends and Public Holidays

Online Public Access Catalog (OPAC)
Website: http://www.parliament.go.ke
Bunge Library: https://libraryir.parliament.go.ke
Contact: library@parliament.go.ke | Tel no: (254-2)2221291 or 2848000 Ext 5043